[Event "Moscow op-A 13th"]
[Site "Moscow"]
[Date "2017.02.03"]
[Round "7"]
[White "Korennoi, Viktor"]
[Black "Lutsenko, Alexander"]
[Result "1-0"]
[WhiteElo "2235"]
[BlackElo "2086"]
[PlyCount "129"]
[EventDate "2017.01.28"]
[EventType "swiss"]
[EventRounds "9"]
[EventCountry "RUS"]
[SourceTitle "EXT 2018"]
[Source "ChessBase"]
[SourceDate "2017.10.13"]
[SourceVersion "1"]
[SourceVersionDate "2017.10.13"]
[SourceQuality "1"]

1. d4 Nf6 2. c4 g6 3. Nc3 d5 4. cxd5 Nxd5 5. e4 Nxc3 6. bxc3 Bg7 7. Be3 c5 8. Rc1 Qa5 9. Qd2 0-0 10. d5 Rd8 11. c4 Qxd2+ 12. Kxd2 b6 13. Bd3 e6 14. Ne2 exd5 15. cxd5 Ba6 16. Rc2 Bxd3 17. Kxd3 Nc6 18. a3 Rd7 19. Nc3 Ne5+ 20. Ke2 Nc4 21. Nb1 Nxe3 22. Kxe3 Rc8 23. a4 Kf8 24. Na3 Ke7 25. Rd1 Rb8 26. Kd3 a6 27. Rb1 Rdb7 28. f4 Bd4 29. Nc4 Kd7 30. e5 b5 31. Nd6 f6 32. Nxb7 Rxb7 33. Re2 Rb6 34. e6+ Ke7 35. axb5 axb5 36. Ra2 Kd6 37. Re1 Rb8 38. e7 Re8 39. Ra5 Kxd5 40. Rxb5 f5 41. g3 Bf6 42. Rb6 Rxe7 43. Rxe7 Bxe7 44. Rb7 Ke6 45. Kc4 h6 46. Rb6+ Kf7 47. Kd5 Bf6 48. Kxc5 Bc3 49. Kd5 h5 50. Rc6 Ba1 51. Rc7+ Kg8 52. Ke6 Bb2 53. Rc2 Ba1 54. h3 Kg7 55. Rg2 Bd4 56. g4 fxg4 57. hxg4 Kh6 58. g5+ Kg7 59. f5 gxf5 60. Kxf5 h4 61. Rh2 Bc3 62. Rxh4 Bb2 63. Rb4 Bc3 64. Rb7+ Kg8 65. Kg6 1-0

[Event "Moscow op-A 13th"]
[Site "Moscow"]
[Date "2017.02.01"]
[Round "5"]
[White "Skatchkov, Valery"]
[Black "Lutsenko, Alexander"]
[Result "1-0"]
[WhiteElo "2202"]
[BlackElo "2086"]
[PlyCount "82"]
[EventDate "2017.01.28"]
[EventType "swiss"]
[EventRounds "9"]
[EventCountry "RUS"]
[SourceTitle "EXT 2018"]
[Source "ChessBase"]
[SourceDate "2017.10.13"]
[SourceVersion "1"]
[SourceVersionDate "2017.10.13"]
[SourceQuality "1"]

1. d4 Nf6 2. Nf3 g6 3. c4 Bg7 4. g3 0-0 5. Bg2 c6 6. 0-0 d5 7. b3 Bf5 8. Bb2 Nbd7 9. Nc3 Ne4 10. Nh4 Nxc3 11. Bxc3 Be6 12. e4 dxc4 13. Qc2 Nb6 14. Rad1 cxb3 15. axb3 Qc8 16. Rfe1 Bf6 17. f4 Bh3 18. f5 Bxg2 19. Qxg2 c5 20. Nf3 cxd4 21. Ba1 e5 22. fxe6 Qxe6 23. e5 Be7 24. Kh1 Rfd8 25. Rd3 Rd7 26. Nxd4 Qd5 27. Rf3 Bc5 28. Ne2 Qe4 29. Qf1 Rd3 30. Nd4 Rxf3 31. Nxf3 Qd5 32. h4 Bf8 33. Kh2 Bg7 34. Ng5 h6 35. e6 Qf5 36. exf7+ Kf8 37. Qe2 Be5 38. Bxe5 hxg5 39. Rf1 Qd7 40. Qb2 Nd5 41. Bg7+ Ke7 1-0

[Event "Moscow-ch rapid"]
[Site "Moscow"]
[Date "2016.09.17"]
[Round "5"]
[White "Lutsenko, Alexander"]
[Black "Cherenkov, Andrey"]
[Result "1-0"]
[WhiteElo "2094"]
[BlackElo "2189"]
[PlyCount "123"]
[EventDate "2016.09.17"]
[EventType "swiss (rapid)"]
[EventRounds "9"]
[EventCountry "RUS"]
[SourceTitle "CBM 174 Extra"]
[Source "ChessBase"]
[SourceDate "2016.10.10"]
[SourceVersion "1"]
[SourceVersionDate "2016.10.10"]
[SourceQuality "1"]

1. e4 d5 2. exd5 Qxd5 3. Nc3 Qa5 4. d4 Nf6 5. Nf3 Nc6 6. Be2 Bg4 7. h3 Bh5 8. Bd2 Bxf3 9. Bxf3 Nxd4 10. Bxb7 Rb8 11. Nd5 Qc5 12. Nxf6+ gxf6 13. Be4 Qe5 14. Be3 Qxe4 15. Qxd4 Qxd4 16. Bxd4 e5 17. Bc3 Bb4 18. Bxb4 Rxb4 19. 0-0-0 Ke7 20. Rd5 Rhb8 21. b3 c6 22. Rd2 h5 23. Rhd1 R4b7 24. g3 Rc7 25. c4 a5 26. Kc2 a4 27. Kc3 axb3 28. axb3 Rcb7 29. Rb1 Ke6 30. b4 Ra7 31. b5 cxb5 32. cxb5 h4 33. Rb3 hxg3 34. fxg3 Rab7 35. Rdb2 Kd5 36. Rb4 Rc8+ 37. Kb3 Rg8 38. g4 Rh8 39. Rh2 Kc5 40. Rc2+ Kd5 41. Rc3 Rhb8 42. Rd3+ Kc5 43. Rc3+ Kd6 44. Ka4 Ra8+ 45. Kb3 Ra5 46. Rc6+ Ke7 47. b6 Ra1 48. Kc4 Ra5 49. Rb3 Ra6 50. Kb5 Ra8 51. Rbc3 Rab8 52. Rc7+ Rxc7 53. Rxc7+ Kd6 54. Rxf7 Ke6 55. Rc7 e4 56. Rc5 Kd6 57. Rf5 Ke6 58. h4 Ra8 59. b7 Ra1 60. Kb6 e3 61. b8Q Rb1+ 62. Rb5 1-0

[Event "Moscow-ch rapid"]
[Site "Moscow"]
[Date "2016.09.17"]
[Round "1"]
[White "Lutsenko, Alexander"]
[Black "Kozionov, Kirill"]
[Result "0-1"]
[WhiteElo "2094"]
[BlackElo "2439"]
[PlyCount "126"]
[EventDate "2016.09.17"]
[EventType "swiss (rapid)"]
[EventRounds "9"]
[EventCountry "RUS"]
[SourceTitle "CBM 174 Extra"]
[Source "ChessBase"]
[SourceDate "2016.10.10"]
[SourceVersion "1"]
[SourceVersionDate "2016.10.10"]
[SourceQuality "1"]

1. e4 g6 2. d4 Bg7 3. Nf3 d6 4. Bc4 a6 5. 0-0 b5 6. Bb3 Bb7 7. Nc3 e6 8. Re1 Nd7 9. Bg5 Ne7 10. Qd2 h6 11. Bh4 g5 12. Bg3 Ng6 13. h3 0-0 14. Rad1 Qe7 15. d5 e5 16. a3 Bc8 17. a4 b4 18. Na2 a5 19. Bc4 Nc5 20. b3 g4 21. hxg4 Bxg4 22. c3 bxc3 23. Nxc3 h5 24. Rb1 h4 25. Bh2 h3 26. Qg5 Qxg5 27. Nxg5 hxg2 28. Kxg2 Bh6 29. Nf3 f5 30. Bg3 Bxf3+ 31. Kxf3 Bd2 32. Nb5 Bxe1 33. Rxe1 f4 34. Bh2 Rf7 35. Rg1 Kg7 36. Rg4 Kf6 37. Kg2 Rh8 38. f3 Nh4+ 39. Kf2 Ng6 40. Bg1 Rhh7 41. Ke2 Rfg7 42. Bxc5 dxc5 43. d6 Rh2+ 44. Ke1 cxd6 45. Nxd6 Re7 46. Nf5 Rd7 47. Bd5 Rxd5 48. Rxg6+ Kxg6 49. Ne7+ Kf7 50. Nxd5 Rb2 51. Nb6 Ke6 52. Nc4 Rxb3 53. Kf2 Rb4 54. Nxa5 Kd7 55. Ke2 Rxa4 56. Nb3 Kc6 57. Nc1 c4 58. Kd2 Kc5 59. Ne2 Ra2+ 60. Kd1 Kb4 61. Nc1 Ra1 62. Kc2 Rxc1+ 63. Kxc1 Kc3 0-1

[Event "Moscow-ch rapid"]
[Site "Moscow"]
[Date "2016.09.17"]
[Round "4"]
[White "Spichkin, Alexander"]
[Black "Lutsenko, Alexander"]
[Result "1/2-1/2"]
[WhiteElo "2134"]
[BlackElo "2094"]
[PlyCount "148"]
[EventDate "2016.09.17"]
[EventType "swiss (rapid)"]
[EventRounds "9"]
[EventCountry "RUS"]
[SourceTitle "CBM 174 Extra"]
[Source "ChessBase"]
[SourceDate "2016.10.10"]
[SourceVersion "1"]
[SourceVersionDate "2016.10.10"]
[SourceQuality "1"]

1. d4 Nf6 2. Bf4 d5 3. e3 g6 4. Nf3 Bg7 5. Bd3 0-0 6. 0-0 c6 7. h3 Be6 8. Nbd2 Qc8 9. c4 Bf5 10. Bxf5 Qxf5 11. Qb3 Qc8 12. Rac1 e6 13. Bd6 Rd8 14. Be7 Re8 15. Bxf6 Bxf6 16. e4 Qd7 17. cxd5 exd5 18. exd5 cxd5 19. Rc5 Rd8 20. Ne5 Bxe5 21. dxe5 Nc6 22. Nf3 b6 23. Rcc1 Rac8 24. Rcd1 d4 25. Rd3 Qd5 26. Re1 Qxb3 27. axb3 Rd5 28. e6 Re8 29. exf7+ Kxf7 30. Red1 Red8 31. Rc1 R8d6 32. h4 h6 33. Kh2 Rc5 34. Rcd1 Rc2 35. R3d2 Rxd2 36. Rxd2 Kf6 37. g4 d3 38. Kg3 g5 39. Rd1 Nd4 40. Nd2 Re6 41. hxg5+ hxg5 42. Nc4 Nxb3 43. Rxd3 Nc5 44. Rf3+ Kg6 45. Rf5 Kh6 46. Ne5 a5 47. Nf7+ Kg6 48. Nxg5 Re2 49. Nf7 Rxb2 50. Ne5+ Kg7 51. f3 a4 52. Rf7+ Kg8 53. Ra7 Rb5 54. f4 Ra5 55. Rxa5 bxa5 56. Nc4 Ne4+ 57. Kf3 Nd6 58. Na3 Kf7 59. Ke3 Ke6 60. Kd4 Nf7 61. Nc4 Nh6 62. g5 Nf5+ 63. Ke4 a3 64. Nxa3 Nd6+ 65. Kf3 Kf5 66. Nc2 a4 67. Ke3 a3 68. Nxa3 Nf7 69. Nc4 Nxg5 70. Nd6+ Kf6 71. Ne8+ Ke7 72. Nc7 Ne6 73. Nxe6 Kxe6 74. Ke4 Kf6 1/2-1/2

[Event "Moscow op-A"]
[Site "Moscow"]
[Date "2016.02.04"]
[Round "6"]
[White "Salemgareev, Tagir"]
[Black "Lutsenko, Alexander"]
[Result "1/2-1/2"]
[WhiteElo "2223"]
[BlackElo "2026"]
[PlyCount "107"]
[EventDate "2016.01.30"]
[EventType "swiss"]
[EventRounds "9"]
[EventCountry "RUS"]
[SourceTitle "CBM 170 Extra"]
[Source "ChessBase"]
[SourceDate "2016.02.25"]
[SourceVersion "1"]
[SourceVersionDate "2016.02.25"]
[SourceQuality "1"]

1. d4 Nf6 2. Nf3 g6 3. c4 Bg7 4. Nc3 d5 5. cxd5 Nxd5 6. e4 Nxc3 7. bxc3 c5 8. Be3 Nc6 9. Qd2 cxd4 10. cxd4 Bg4 11. Rd1 0-0 12. Be2 Qa5 13. 0-0 Qxd2 14. Rxd2 Rfc8 15. Rc1 Na5 16. Rdc2 Rxc2 17. Rxc2 Rc8 18. Rxc8+ Bxc8 19. d5 b6 20. Bf4 Nb7 21. Ba6 Kf8 22. e5 Ke8 23. Nd4 Nd6 24. Bd3 Nb7 25. Bb5+ Bd7 26. Nc6 Nc5 27. Nxa7 Bxb5 28. Nxb5 Nd3 29. Be3 Bxe5 30. Bxb6 Nb4 31. a4 Nxd5 32. Ba5 Kd7 33. g3 Kc6 34. f4 Bf6 35. Kf2 Nb6 36. Bxb6 Kxb6 37. Ke3 Ka5 38. Ke4 Kxa4 39. Na7 Ka5 40. Nc6+ Kb6 41. Nd8 Kc7 42. Nxf7 Kd7 43. Kd5 e6+ 44. Ke4 Ke7 45. Ne5 Kd6 46. Ng4 Bg7 47. h4 Bc3 48. Ne3 h5 49. Nc4+ Ke7 50. Ne5 Kf6 51. Nd3 Ba5 52. Ne5 Bc3 53. g4 hxg4 54. Nxg4+ 1/2-1/2